[Event "Canadian op 48th"]
[Site "Toronto"]
[Date "2011.07.14"]
[Round "6"]
[White "Rachar, Sean"]
[Black "Calugar, Arthur"]
[Result "0-1"]
[WhiteElo "2012"]
[BlackElo "2247"]
[PlyCount "78"]
[EventDate "2011.07.09"]
[EventType "swiss"]
[EventRounds "9"]
[EventCountry "CAN"]
[SourceTitle "CBM 143 Extra"]
[Source "ChessBase"]
[SourceDate "2011.08.29"]
[SourceVersion "1"]
[SourceVersionDate "2011.08.29"]
[SourceQuality "1"]

1. Nf3 Nf6 2. c4 g6 3. Nc3 d5 4. Qa4+ Bd7 5. Qb3 dxc4 6. Qxc4 Bg7 7. d4 0-0 8. e4 Nc6 9. Be2 Bg4 10. Be3 Nd7 11. Rd1 Nb6 12. Qc5 Bxf3 13. Bxf3 e6 14. e5 Qd7 15. Ne4 Nd5 16. Bg5 h6 17. Bf6 Bxf6 18. Nxf6+ Nxf6 19. exf6 Rfd8 20. Bxc6 bxc6 21. h4 e5 22. Qc1 exd4 23. Kf1 Kh7 24. h5 g5 25. Qc4 Qd5 26. Qd3+ Kg8 27. Rh3 c5 28. b3 Re8 29. Qg3 Re6 30. Qf3 Rd8 31. g4 Re4 32. Rg3 Rde8 33. Kg2 Qd6 34. Rd2 R8e6 35. Qf5 Rf4 36. Qd3 Qd5+ 37. f3 Rfxf6 38. Qb5 Re3 39. Qb8+ Kg7 0-1

[Event "Canadian op 48th"]
[Site "Toronto"]
[Date "2011.07.09"]
[Round "1"]
[White "Rachar, Sean"]
[Black "Kleinman, Michael"]
[Result "0-1"]
[WhiteElo "1980"]
[BlackElo "2343"]
[PlyCount "98"]
[EventDate "2011.07.09"]
[EventType "swiss"]
[EventRounds "9"]
[EventCountry "CAN"]
[SourceTitle "EXT 2022"]
[Source "ChessBase"]
[SourceDate "2021.10.06"]
[SourceVersion "1"]
[SourceVersionDate "2021.10.06"]
[SourceQuality "1"]

1. d4 Nf6 2. c4 g6 3. Nc3 d5 4. cxd5 Nxd5 5. e4 Nxc3 6. bxc3 Bg7 7. Be3 c5 8. Qd2 Qa5 9. Nf3 0-0 10. Rb1 cxd4 11. cxd4 Qxd2+ 12. Kxd2 e6 13. Bd3 Rd8 14. Rhc1 Nc6 15. Rc4 Bd7 16. Bg5 f6 17. Be3 b6 18. Rcc1 Bf8 19. Ke2 Nb4 20. Bc4 b5 21. Bb3 a5 22. a3 Na6 23. d5 Re8 24. Nd4 e5 25. Nc2 Nc5 26. f3 Rac8 27. Bd2 Nxb3 28. Rxb3 Ra8 29. Ne3 Bd6 30. h3 Kf7 31. Be1 Reb8 32. Rcb1 Rc8 33. Bd2 Ke7 34. Rc1 Rxc1 35. Bxc1 Rc8 36. Kd2 Bc5 37. Ke2 b4 38. axb4 Bb5+ 39. Kd1 Bd4 40. Ra3 axb4 41. Ra5 Rxc1+ 42. Kxc1 Bxe3+ 43. Kc2 Bf1 44. Kb3 Bxg2 45. Rb5 Bxf3 46. Rxb4 Bd4 47. Rb7+ Kd6 48. Rxh7 Bxe4 49. Rf7 Bxd5+ 0-1

[Event "CAN-ch U20"]
[Site "Brantford"]
[Date "2005.05.04"]
[Round "9"]
[White "Boik, Andrew"]
[Black "Rachar, Sean"]
[Result "1-0"]
[WhiteElo "2058"]
[BlackElo "1751"]
[PlyCount "61"]
[EventDate "2005.04.??"]
[EventType "swiss"]
[EventRounds "9"]
[EventCountry "CAN"]
[SourceTitle "EXT 2006"]
[Source "ChessBase"]
[SourceDate "2005.11.24"]
[SourceVersion "1"]
[SourceVersionDate "2005.11.24"]
[SourceQuality "1"]

1. Nf3 d5 2. c4 c6 3. d4 Nf6 4. Nc3 Bf5 5. cxd5 cxd5 6. Qb3 b6 7. Bf4 a6 8. Bxb8 Rxb8 9. Qa4+ Bd7 10. Qb3 e6 11. e3 b5 12. Rc1 Bd6 13. Bd3 Qa5 14. Bc2 0-0 15. 0-0 b4 16. Nb1 Bb5 17. Rfd1 Rfc8 18. Nbd2 Rc6 19. Ne5 Bxe5 20. dxe5 Nd7 21. Bxh7+ Kxh7 22. Rxc6 Bxc6 23. Qc2+ Kg8 24. Qxc6 Qxa2 25. Qxd7 Qxb2 26. Qc7 Rf8 27. h3 b3 28. Qb7 Qxe5 29. Qxb3 Qc7 30. Nf3 Rb8 31. Qa4 1-0

[Event "CAN-ch U20"]
[Site "Brantford"]
[Date "2005.04.30"]
[Round "2"]
[White "Rachar, Sean"]
[Black "Iv, Kieng"]
[Result "1-0"]
[WhiteElo "1751"]
[BlackElo "1466"]
[PlyCount "31"]
[EventDate "2005.04.??"]
[EventType "swiss"]
[EventRounds "9"]
[EventCountry "CAN"]
[SourceTitle "EXT 2006"]
[Source "ChessBase"]
[SourceDate "2005.11.24"]
[SourceVersion "1"]
[SourceVersionDate "2005.11.24"]
[SourceQuality "1"]

1. d4 d5 2. c4 Nf6 3. cxd5 Nxd5 4. e4 Nb6 5. Nc3 e6 6. Be3 Be7 7. Qg4 e5 8. Qxg7 Bf6 9. Qg3 exd4 10. Rd1 c5 11. Nb5 Be7 12. Nc7+ Kd7 13. Bxd4 Qxc7 14. Bb5+ Nc6 15. Be5+ Bd6 16. Bxd6 1-0